00326nam a22001097a 4500020002200000082001500022100004800037245004100085260006500126300000800191650001700199 a978-955-8387-04-7 a232 NAT C1 aThe National Christian Council of Sri Lanka aJesus Christ: Sri Lankan Expressions aSri LankabThe National Christian Council of Sri Lankac2014 a114 aJesus Christ